Zemepis pre 7. ročník špeciálnych základných škôl Pracovný zošit

Bibliographic Details
Main Author: Mojtová-Bernátová, Kvetoslava, 1954- (Author)
Format: Book
Language:Slovak
PhysicalDescription:29 s. mp. 30 cm
Published: Bratislava Expol pedagogika 2008
ISBN:9788080910839
Edition:4. vyd.
Subjects:

MARC

LEADER 00000nam a2200000 a 4500
001 vtls009506211
003 SK-MaSNL
005 20260414034406.0
008 240318s2008 xo b c 000 0 slo
015 |a SNBA2009/07-03324 
020 |a 9788080910839  |q (brož.) 
035 |a 2DC8CFD6-DEDC-4807-B03C-1E26B01A03ED 
035 |a urn:nbn:sk:snk-amlsqs 
035 |a urn:nbn:sk:snk-am00ca3m 
040 |a SNK  |b slo  |c SNK  |e AACR2 
041 0 |a slo 
044 |a xo  |c SK 
072 7 |a 91  |x Geografia ako veda. Výskum. Cestovanie  |2 konspekt 
080 |a 91  |2 2001 
080 |a (075.2)  |2 2001 
080 |a (076.1)  |2 2001 
100 1 |a Mojtová-Bernátová, Kvetoslava,  |d 1954-  |4 aut  |9 42863 
245 1 0 |a Zemepis pre 7. ročník špeciálnych základných škôl  |c [Kvetoslava Mojtová-Bernátová]  |p Pracovný zošit 
246 3 0 |a Pracovný zošit 
250 |a 4. vyd. 
260 |a Bratislava  |b Expol pedagogika  |c 2008 
300 |a 29 s.  |b mp.  |c 30 cm 
500 |a Názov z obalu 
650 0 7 |a geografia  |2 SNKPH  |9 823 
650 0 7 |a Geography  |2 SNKPHeng  |9 265075 
655 7 |a učebnice špeciálnych základných škôl  |2 SNKPH  |9 70204 
655 7 |a pracovné zošity  |2 SNKPH  |9 70188 
655 7 |a Textbooks (elementary)  |2 SNKPHeng  |9 276977 
655 7 |a Activity books  |2 SNKPHeng  |9 302885 
919 |a 978-80-8091-083-9 
968 |d 37 
999 |c 1087413  |d 1089343 
952 |a SNK  |b SNK  |y PREZ  |7 0  |p 17A0620452  |o snkSB 77713  |i snk2009/8369  |8 0  |0 0  |1 0  |4 0  |d 2009-05-07  |f 1  |l 0  |r 2025-04-28 00:00:00  |w 2026-02-24 
952 |a SNK  |b SNK  |y VYP  |7 0  |p 17A0620467  |o snkSB 77713 D1  |i snk2009/8370  |8 0  |0 0  |1 0  |4 0  |d 2009-05-07  |l 0  |r 2016-06-30 00:00:00  |w 2026-02-24